| 000 | 00429nam a2200157Ia 4500 | ||
|---|---|---|---|
| 008 | 220530s9999 xx 000 0 und d | ||
| 020 | _a978-81-203-3783-1 | ||
| 041 | _aeng | ||
| 082 |
_a604.2 _bKUL |
||
| 100 |
_aKulkarni D M _956789 |
||
| 245 | _aEngineering Graphics with Auto CAD | ||
| 260 |
_aHaryana _bPHI Learnig Pvt Ltd _c2012 |
||
| 300 |
_a326 P _bPB |
||
| 700 |
_a Sarkar A K Rastogi A P _956790 |
||
| 906 |
_a84.5 _bALIED |
||
| 999 |
_c51442 _d51442 |
||